Why worry? : how to live without fear and worry / (Record no. 2473)
[ view plain ]
| 000 -LEADER | |
|---|---|
| fixed length control field | 00733nam a22002657a 4500 |
| 003 - CONTROL NUMBER IDENTIFIER | |
| control field | OSt |
| 005 - DATE AND TIME OF LATEST TRANSACTION | |
| control field | 20140310181733.0 |
| 008 - FIXED-LENGTH DATA ELEMENTS--GENERAL INFORMATION | |
| fixed length control field | 130319t xxu||||| |||| 00| 0 eng d |
| 020 ## - INTERNATIONAL STANDARD BOOK NUMBER | |
| International Standard Book Number | 9679920720 |
| 050 ## - LIBRARY OF CONGRESS CALL NUMBER | |
| Classification number | BF 575 |
| Item number | .D533 1996 |
| 082 ## - DEWEY DECIMAL CLASSIFICATION NUMBER | |
| Classification number | TR 152.46 |
| Item number | D53 1996 |
| 245 ## - TITLE STATEMENT | |
| Title | Why worry? : how to live without fear and worry / |
| Statement of responsibility, etc | K. Sri Dhammananda. |
| 250 ## - EDITION STATEMENT | |
| Edition statement | 2nd ed. |
| 260 ## - PUBLICATION, DISTRIBUTION, ETC. (IMPRINT) | |
| Place of publication, distribution, etc | Kuala Lumpur, Malaysia : |
| Name of publisher, distributor, etc | Buddhist Missionary Society, |
| Date of publication, distribution, etc | c1996. |
| 300 ## - PHYSICAL DESCRIPTION | |
| Extent | xv, 254 p. ; |
| Dimensions | 19 cm. |
| 520 ## - SUMMARY, ETC. | |
| Summary, etc | 1. Fear. 2. Worry. 3. Emotions. |
| 521 ## - TARGET AUDIENCE NOTE | |
| Target audience note | |
| 541 ## - IMMEDIATE SOURCE OF ACQUISITION NOTE | |
| -- | 1 |
| 541 ## - IMMEDIATE SOURCE OF ACQUISITION NOTE | |
| -- | 2 |
| 541 ## - IMMEDIATE SOURCE OF ACQUISITION NOTE | |
| -- | 3 |
| 541 ## - IMMEDIATE SOURCE OF ACQUISITION NOTE | |
| -- | 4 |
| 541 ## - IMMEDIATE SOURCE OF ACQUISITION NOTE | |
| -- | 5 |
| 562 ## - COPY AND VERSION IDENTIFICATION NOTE | |
| Number of copies | 5 |
| 942 ## - ADDED ENTRY ELEMENTS (KOHA) | |
| Source of classification or shelving scheme | Library of Congress Classification |
| Koha item type | |
| Call number prefix | |
| Withdrawn status | Lost status | Source of classification or shelving scheme | Damaged status | Home library | Current library | Shelving location | Date acquired | Total Checkouts | Full call number | Barcode | Date last seen | Copy number | Price effective from | Koha item type |
|---|---|---|---|---|---|---|---|---|---|---|---|---|---|---|
| Library of Congress Classification | Luxembourg Library | Luxembourg Library | Teachers Reference Section | 03/19/2013 | BF 575 .D533 1996 | 14974 | 08/13/2013 | 5 | 10/03/2013 | Books | ||||
| Library of Congress Classification | Luxembourg Library | Luxembourg Library | Teachers Reference Section | 03/19/2013 | BF 575 .D533 1996 | 14973 | 08/13/2013 | 4 | 10/03/2013 | Books | ||||
| Library of Congress Classification | Luxembourg Library | Luxembourg Library | Teachers Reference Section | 03/19/2013 | BF 575 .D533 1996 | 14972 | 08/13/2013 | 3 | 10/03/2013 | Books | ||||
| Library of Congress Classification | Luxembourg Library | Luxembourg Library | Teachers Reference Section | 03/19/2013 | BF 575 .D533 1996 | 14971 | 08/13/2013 | 2 | 10/03/2013 | Books | ||||
| Library of Congress Classification | Luxembourg Library | Luxembourg Library | Teachers Reference Section | 03/19/2013 | BF 575 .D533 1996 | 14970 | 08/13/2013 | 1 | 10/03/2013 | Books |